Rassegna del cinema bulgaro (Record n. 72238)

Dettagli MARC
000 -LEADER
fixed length control field 01822nam a2200325Ia 4500
001 - CONTROL NUMBER
control field C7679
003 - CONTROL NUMBER IDENTIFIER
control field IT-RoPAU
008 - FIXED-LENGTH DATA ELEMENTS--GENERAL INFORMATION
fixed length control field 130308s9999 xx 000 0 und d
040 ## - CATALOGING SOURCE
Original cataloging agency IT-RoPAU
040 ## - CATALOGING SOURCE
Transcribing agency IT-RoPAU
041 ## - LANGUAGE CODE
Language code of text/sound track or separate title ITALIANO
999 ## - SYSTEM CONTROL NUMBERS (KOHA)
Koha Dewey Subclass [OBSOLETE] SI
100 ## - MAIN ENTRY--PERSONAL NAME
Personal name Micheli Sergio
100 ## - MAIN ENTRY--PERSONAL NAME
Miscellaneous information Codice Aut. SPICS: 3785
245 ## - TITLE STATEMENT
Title Rassegna del cinema bulgaro
245 ## - TITLE STATEMENT
Remainder of title Rassegna del Cinema Bulgaro
250 ## - EDITION STATEMENT
Edition statement 1a ed.
260 ## - PUBLICATION, DISTRIBUTION, ETC. (IMPRINT)
Place of publication, distribution, etc. COMUNE DI SIENA
260 ## - PUBLICATION, DISTRIBUTION, ETC. (IMPRINT)
Name of publisher, distributor, etc. Regione Toscana
260 ## - PUBLICATION, DISTRIBUTION, ETC. (IMPRINT)
Date of publication, distribution, etc. 1978 [1° Ed.:1978 - Ed.Ling.Originale:1978]
300 ## - PHYSICAL DESCRIPTION
Extent "44 p. (prefazione: no ; testo: 44 [pagine: 0-0])"
500 ## - GENERAL NOTE
General note Note Sul Cinema Bulgaro. Schede e Note Critiche Sui Film in programma nella Rassegna: Zona delle Ville di Eduard Zahariev (1975), Emendamento Alla legge per la salvaguardia Dello Stato di Liudmil Staikov (1975), Il Corno Dicapra di Metodi Andonov (1972), Come una Canzone di Irina Aktasceva e Cristo Piskov (1972), l'ultima Estate di Cristo Kristov (1974), Incudine o Martello di Cristo Kristov (1972), Iulia Vrevskaya di Nikola Korabov (1976). Note su Alcuni cineasti Bulgari: Andonov Metodi, Korabov Nikola, Kovacev Cristo, Cristo Kristov e Altri. breve ritratto di tre Artisti: Katia Paskaleva e Dorotea tonceva (Attrici), Isaak Finzi (Attore). Introduzione al Cinema di Animazione Bulgaro. Note biografiche e Opere di Alcuni registi del Cinemadi Animazione Bulgaro: todor Dinov, Donio Donev, Stoian Dukov, Ivan Vesselinov, Sdenka Doiceva, Radka Backvarova, Proiko Proikov, Cristo topuzanov, Gheorghi Ciavdarov, Asparuh Panov, Konstantin Peronoski, Ivan Andonov, Pencio Bogdanov.
650 ## - SUBJECT ADDED ENTRY--TOPICAL TERM
Topical term or geographic name as entry element STORIA NAZIONALE DEL CINEMA
650 ## - SUBJECT ADDED ENTRY--TOPICAL TERM
Relator term Codice materia Spics: 6809
700 ## - ADDED ENTRY--PERSONAL NAME
Personal name AA.VV.
700 ## - ADDED ENTRY--PERSONAL NAME
Miscellaneous information Codice Aut. SPICS: 12000
942 ## - ADDED ENTRY ELEMENTS (KOHA)
Koha item type LIBRO
957 ## -
-- 1
999 ## - SYSTEM CONTROL NUMBERS (KOHA)
-- 1
Dati di copia
Withdrawn status Lost status Damaged status Not for loan Home library Current library Date acquired Total Checkouts Full call number Date last seen Price effective from Koha item type Public note
    Buone Condizioni Not For Loan SPICS-MEDIATECA SPICS-MEDIATECA 08/03/2013   C7679 08/03/2013 08/03/2013 LIBRO Progressivo inserimento: 38472 / N. Volumi: 1 Copie: 1 Copia Rara: SI / data import: 1 marzo 2013 - By Epidotti, Trombetti, Vaglietti.
CREDITS: SOCIETA' SAN PAOLO Via A.Severo, 58 - ROMA (RM) & PERIODICI SAN PAOLO SRL Via Giotto, 36 MILANO & CISF Via Giotto, 36 MILANO & EDIZIONI SAN PAOLO SRL,  Piazza Soncino, 5 CINISELLO BALSAMO (MI) -- ITALY